00389nam a2200133 a 45000010010000000030011000100080041000210350026000620820016000881000021001042450065001252600054001906500011002440000-8528ELIB.Books110520 2007  a(ELIB.Books)0000-8673 aM.Div bMar aMar Bwe Gyi, Saw aThe Twenty First Century Mission of Leading and Reaching out bInsein: Karen Baptist Theological Seminary c2007 aThesis